| 000 | 00427nam a22001817a 4500 | ||
|---|---|---|---|
| 003 | MPLRDC | ||
| 005 | 20220104124113.0 | ||
| 008 | 210129b ||||| |||| 00| 0 eng d | ||
| 020 | _a967-99963-2-8 | ||
| 082 | _a868.71 MJL c.2 | ||
| 100 | _a铭锦铃 | ||
| 245 |
_a白灰阁的回音 _c |
||
| 250 | _a初版 | ||
| 260 |
_a _b朋友出版社 _c1985 |
||
| 300 | _b平 | ||
| 650 | _a马华文学 | ||
| 942 |
_cBK _o868.71 MJL c.2 |
||
| 999 |
_c16672 _d16662 |
||